000 00683nam a2200241Ia 4500
003 OSt
005 20220925204919.0
006 a|||||r|||| 00| 0
007 ta
008 220923b |||||||| |||| 00| 0 eng d
037 _cGeneral Book
040 _aRTL
_cRTL
_beng
041 _2eng
_aeng
082 _aY:3(P)-675, L7
100 _aRubin Joan et al... Ed.
_9269266
245 0 _aLanguage planning processes
260 _aHague
_bMouton
_c1977
300 _a288p
_ccm.
500 _aBibliography chapterwise
650 _aSociology of Language
_9231513
942 _hY:3(P)-675, L7
_cGB
_2CC
999 _c550787
_d550787